countries of the world by first letter - Statistics

General Stats
  • This quiz has been taken 48 times
  • The average score is 134 of 196
Answers on the Map
Answers color-coded by a green-red scale on the quiz's map according to % correct below.
 
Answer Stats
Country % Correct
Eswatini
86%
Saint Kitts and Nevis
86%
Saint Lucia
86%
Saint Vincent and the Grenadines
86%
Samoa
86%
Saudi Arabia
86%
Senegal
86%
Seychelles
86%
Sierra Leone
86%
Singapore
86%
Solomon Islands
86%
Somalia
86%
South Sudan
86%
Suriname
86%
Switzerland
86%
United States
86%
Afghanistan
79%
Albania
79%
Algeria
79%
Andorra
79%
Angola
79%
Antigua and Barbuda
79%
Argentina
79%
Armenia
79%
Australia
79%
Austria
79%
Azerbaijan
79%
East Timor
79%
Iceland
79%
India
79%
Indonesia
79%
Iran
79%
Iraq
79%
Ireland
79%
Israel
79%
Italy
79%
Ivory Coast
79%
Myanmar
79%
San Marino
79%
São Tomé and Príncipe
79%
Serbia
79%
Slovakia
79%
Slovenia
79%
South Africa
79%
South Korea
79%
Spain
79%
Sri Lanka
79%
Sudan
79%
Sweden
79%
Syria
79%
Bahamas
71%
Bahrain
71%
Bangladesh
71%
Barbados
71%
Belarus
71%
Belgium
71%
Belize
71%
Benin
71%
Bhutan
71%
Bolivia
71%
Bosnia and Herzegovina
71%
Botswana
71%
Brazil
71%
Brunei
71%
Bulgaria
71%
Burkina Faso
71%
Burundi
71%
Cambodia
71%
Cameroon
71%
Canada
71%
Cape Verde
71%
Central African Republic
71%
Chad
71%
Chile
71%
China
71%
Colombia
71%
Comoros
71%
Costa Rica
71%
Croatia
71%
Cuba
71%
Cyprus
71%
Czech Republic
71%
Democratic Republic of the Congo
71%
Denmark
71%
Djibouti
71%
Dominica
71%
Dominican Republic
71%
Ecuador
71%
El Salvador
71%
Equatorial Guinea
71%
Eritrea
71%
Federated States of Micronesia
71%
Madagascar
71%
Maldives
71%
Marshall Islands
71%
Mauritania
71%
Mauritius
71%
Monaco
71%
Montenegro
71%
Morocco
71%
North Macedonia
71%
Republic of the Congo
71%
Romania
71%
Russia
71%
Rwanda
71%
United Arab Emirates
71%
United Kingdom
71%
Uruguay
71%
Uzbekistan
71%
Fiji
64%
Finland
64%
France
64%
Gabon
64%
Gambia
64%
Georgia
64%
Germany
64%
Ghana
64%
Greece
64%
Grenada
64%
Guatemala
64%
Guinea
64%
Guinea-Bissau
64%
Guyana
64%
Laos
64%
Latvia
64%
Lebanon
64%
Lesotho
64%
Liberia
64%
Libya
64%
Liechtenstein
64%
Lithuania
64%
Luxembourg
64%
Malawi
64%
Malaysia
64%
Mali
64%
Malta
64%
Mexico
64%
Moldova
64%
Mongolia
64%
Mozambique
64%
Pakistan
64%
Papua New Guinea
64%
Paraguay
64%
Philippines
64%
Portugal
64%
Uganda
64%
Ukraine
64%
Egypt
57%
Estonia
57%
Ethiopia
57%
Honduras
57%
Hungary
57%
Jamaica
57%
Kazakhstan
57%
Kenya
57%
Kiribati
57%
Kosovo
57%
Kuwait
57%
Kyrgyzstan
57%
Namibia
57%
Nauru
57%
Nepal
57%
Netherlands
57%
New Zealand
57%
Nicaragua
57%
Niger
57%
Nigeria
57%
North Korea
57%
Norway
57%
Oman
57%
Palau
57%
Panama
57%
Peru
57%
Poland
57%
Qatar
57%
Taiwan
57%
Tajikistan
57%
Tanzania
57%
Thailand
57%
Togo
57%
Tonga
57%
Trinidad and Tobago
57%
Tunisia
57%
Turkey
57%
Turkmenistan
57%
Tuvalu
57%
Japan
50%
Jordan
50%
Yemen
50%
Zambia
50%
Zimbabwe
50%
Haiti
43%
Vanuatu
43%
Vatican City
43%
Venezuela
43%
Vietnam
29%
No matching quizzes found
Score Distribution
Percent of People with Each Score
Percentile by Number Answered
Your Score History
You have not taken this quiz